Normal view
MARC view
Entry Nombre de reunión
001 - NÚMERO DE CONTROL
- campo de control: 53913
003 - IDENTIFICADOR DEL NÚMERO DE CONTROL
- campo de control: OSt
005 - FECHA Y HORA DE LA ÚLTIMA TRANSACCIÓN
- campo de control: 20200615034547.0
008 - DATOS DE LONGITUD FIJA
- campo de control de longitud fija: 200615|| aca||aabn | a|a d
040 ## - FUENTE DE LA CATALOGACIÓN
- Centro catalogador/agencia de origen: OSt
- Centro/agencia transcriptor: OSt
111 ## - ENCABEZAMIENTO--NOMBRE DE CONGRESO/REUNIÓN
- Nombre de congreso/reunión o jurisdicción como elemento de entrada: Congreso Nacional sobre Medicamentos : la empresa farmacéutica en ruta hacia el siglo XXI: calidad, desarrollo y globalización
- Número del congreso/reunión o número de parte o sección: (4a. :
- Fecha del congreso/reunión: 1995, ago. 31-2 sep.:
- Sede del congreso/Lugar de la reunión: Santo Domingo)
670 ## - FUENTE DE DATOS ENCONTRADOS
- Cita de la fuente: Work cat.: (OSt)26296: Congreso Nacional sobre Medicamentos : la empresa farmacéutica en ruta hacia el siglo XXI: calidad, desarrollo y globalización (4a. : 1995, ago. 31-2 sep.: Santo Domingo), Ponencias del IV Congreso Nacional sobre Medicamentos :, 1995.
